• 首页
  • 本馆介绍
  • 公告通知
  • 最新文献
  • 馆藏检索
  • 电子资源
  • 读者导购
  • 参考咨询
  • 我的图书馆
  • 登录
  • 详细信息显示
  • 放入我的书架
  • 预约/预借图书
  • 作者相关作品
  • 分类相关作品
  • 丛书相关作品
  • 出版社相关作品

书目信息

  • 表格格式
  • 工作单格式
  • 卡片格式
题名:
新发展经济学
    
 
作者: 张培刚 主编
分册:  
出版信息: 郑州   河南人民出版社  1992.9
页数: 505页
开本: 20cm
丛书名:
单 册:
中图分类: F061.3
科图分类:
主题词: 发展经济学
电子资源:
ISBN: 7-215-02200-5
000 00967cam0 2200265 450
001 0100388793
005 20140318102630.0
010    @a7-215-02200-5@dCNY10.70
010    @a7-215-02146-7@b精装@dCNY12.70
011    @a7-215-02200-5
100    @a20021005j199209 kemy0chiy0110 ea
101 0  @achi
102    @aCN@b410000
105    @ay z 000yy
106    @ar
200 1  @a新发展经济学@9Xin Fa Zhan Jing Ji Xue @f张培刚主编@b专著
210    @a郑州@c河南人民出版社@d1992.9
215    @a505页@d20cm
300    @a全国社会科学基金会资助项目
330    @a本书从发展中国家实际情况和根本利益出发,提出了比较全面、新型的发展经济学理论体系。内容包括:西方发展经济学面临的困境、工业化前的社会经济和文化、工业化与现代经济的兴起、现代工业建立和发展的基本条件、工业化与产业结构的转换等。
606 0  @a发展经济学
690    @aF061.3@v3
701  0 @a张培刚@f(1913~2011)@9zhang pei gang@4主编
801  0 @aCN@bAiZhiMarc@c19930121
905    @aBZT@dF061.3@e18@f3@sF061.3/18
    
    新发展经济学/张培刚主编.-郑州:河南人民出版社,1992.9
    505页;20cm
    全国社会科学基金会资助项目
    
    ISBN 7-215-02200-5:CNY10.70
    本书从发展中国家实际情况和根本利益出发,提出了比较全面、新型的发展经济学理论体系。内容包括:西方发展经济学面临的困境、工业化前的社会经济和文化、工业化与现代经济的兴起、现代工业建立和发展的基本条件、工业化与产业结构的转换等。
●
相关链接 在五车中查询图书 在当当中查询图书 在豆瓣中查询图书


正题名:新发展经济学     索取号:F061.3/18         预约/预借

序号 登录号 条形码 馆藏地/架位号 状态 备注
1 2000143022   2000143022   旧书回溯/ [索取号:F061.3/18] 在馆    
2 2000143023   2000143023   旧书回溯/ [索取号:F061.3/18] 在馆    
3 2000143024   2000143024   旧书回溯/ [索取号:F061.3/18] 在馆    
山东省滨州职业学院图书馆 欢迎您!
大连网信软件有限公司© 版权所有